000 01397nam0a22002651 4500
001 rc\4580048
005 20260407152811.0
021 _aRU
_b66-61748
021 _aRU
_bРг6468-66
035 _a(NLR Aleph) 008378409
090 _a9102372
_c9102372
100 _a20130416d1966 |||y0rusy50 ca
101 0 _arus
102 _aRU
105 _aab z |||||
200 1 _aМатериалы Междуведомственного совещания по проблеме изучения и обоснования методов расчета испарения с водной поверхности и суши. 3-7 августа 1965 г.
_fГлав. упр. гидрометеорол. службы при Совете Министров СССР. Гос. ордена Труд. Красного Знамени гидрол. ин-т
210 _aВалдай
_cБ. и.
_d1966
215 _a375 с., 7 л. карт.
_cил.
_d23
300 _aОтпеч. множит. аппаратом
710 1 2 _aМеждуведомственное совещание по проблеме изучения и обоснования методов расчета испарения с водной поверхности и суши
_f1965
_eВалдай
_3RU\NLR\AUTH\8810093235
_9687675
801 0 _aRU
_bNLR
_gpsbo
801 1 _aRU
_bELAR
_2rusmarc
852 _aNLR
_j66-5/4126
942 _cBOOK
980 _aNB